[Event "Geneve op"]
[Site "Geneve"]
[Date "1997.??.??"]
[Round "7"]
[White "Gurevich, Dmitry"]
[Black "Tukmakov, Vladimir B"]
[Result "1-0"]
[WhiteElo "2580"]
[BlackElo "2585"]
[Annotator "Dautov,R"]
[PlyCount "79"]
[EventDate "1997.01.??"]
[EventType "swiss"]
[EventRounds "9"]
[EventCountry "SUI"]
[SourceTitle "CBM 057"]
[Source "ChessBase"]
[SourceDate "1997.04.01"]
[SourceVersion "1"]
[SourceVersionDate "1997.04.01"]
[SourceQuality "1"]

1. Nf3 d5 2. c4 c6 3. e3 Nf6 4. Nc3 e6 5. d4 Nbd7 6. Qc2 Bd6 7. b3 O-O 8. Be2
b6 9. O-O Bb7 10. e4 dxe4 11. Nxe4 Nxe4 12. Qxe4 Nf6 13. Qh4 c5 14. Bb2 Ne4 15.
Qh5 (15. Qh3 Ng5 16. Nxg5 Qxg5 $10) 15... cxd4 $146 {Solide und gut wäre 15...
Qc7, aber was spricht gegen etwas mehr Aktivität?} (15... Qc7 16. Rad1 Nf6 (
16... f5 17. Rfe1 Bf4 18. dxc5 bxc5 19. g3 Bd6 20. Ng5 Nxg5 21. Qxg5 e5 22. Bf1
h6 23. Qh5 Rad8 24. Bg2 $14 {Fish,G-Yagupov,I/Moscow3 ;EXP 47 1995}) 17. Qh4
Be7 18. Ne5 Rad8 19. dxc5 bxc5 20. Bd3 Ne4 21. Qh5 f5 $10 {Zolotarev,A-Gorin,I/
Simferopol 1989}) 16. Nxd4 Qf6 {Auf den ersten Blick mag diese Fesselung sehr
unangenehm für Weiß erscheinen, später merkt man aber, daß Weiß hier über
mehrere taktische Möglichkeiten verfügt.} 17. Rad1 Rad8 (17... Be5 18. Bf3 Rad8
19. Nxe6 $1 (19. Nc6 $2 Bxb2 20. Nxd8 g6 $1 21. Qg4 h5 $17) 19... Rxd1 (19...
Bxh2+ 20. Qxh2 Qxe6 21. Qc7 $16) (19... Bxb2 20. Nxd8 Rxd8 21. Rxd8+ Qxd8 22.
Bxe4 Bxe4 23. Qe2 $18) 20. Rxd1 Bxb2 21. Nxf8 Kxf8 22. Qxh7 g6 23. Qh6+ Kg8 24.
Qe3 Qe5 25. b4 $16) (17... g6 $5) 18. Bd3 Bc5 (18... Be5 {wird wie vorhin mit
19.Nxe6! beantwortet. Nun kann aber die schwarze Dame immer auf b2 schlagen
und der Bauer f2 wird anfällig...}) 19. Nc6 $3 {Trotzdem! Trotzdem!} Qxb2 (
19... Rxd3 20. Bxf6 Nxf6 21. Qxc5 $3 (21. Qe2 $2 Rxd1 22. Rxd1 Bxc6 $17) 21...
bxc5 22. Ne7+ Kh8 23. Rxd3 Re8 24. Rfd1 Rxe7 25. Rd8+ Re8 26. Rxe8+ Nxe8 27.
Rd7 $18) 20. Nxd8 g6 (20... Bxf2+ {hat keinen gewünschten Effekt} 21. Kh1 Ba8
22. Nxf7 $1 Rxf7 (22... g6 23. Qe5 $18) 23. Bxe4 Bxe4 24. Rd8+ Rf8 25. Rxf8+
Kxf8 26. Qh4 $18) (20... Ba8 21. Bxe4 Bxe4 22. Qh4 (22. Rd7 Qxa2 23. Nxf7 $4
Bg6 $17) 22... Ba8 (22... Bg6 23. Nc6 $16) (22... Bc2 23. Rd2 $16) 23. Rd7 Qxa2
24. Qg5 {/\Nxe6} h6 25. Qe5 $16) 21. Qe2 (21. Qh4 $2 Bxf2+ 22. Rxf2 Qxf2+ 23.
Qxf2 Nxf2 24. Kxf2 Rxd8 $17) 21... Nxf2 22. Rxf2 Bxf2+ 23. Kf1 $1 $18 {Einen
solchen Zug kann man leicht übersehen. Weiß gewinnt eine Figur.} (23. Kxf2 $4
Qf6+ 24. Kg1 Rxd8 $19) 23... Bxg2+ 24. Kxg2 Qf6 25. Qxf2 Qxd8 26. Be2 Qg5+ 27.
Qg3 Qa5 28. a4 Rc8 $138 29. h4 $138 Rc5 30. Qf4 Kg7 31. Rf1 Rf5 32. Qd4+ e5 33.
Rxf5 gxf5 34. Qd3 e4 35. Qd4+ Kg8 36. h5 Qe1 37. Qd8+ Kg7 38. Qd4+ Kg8 39. Qf2
Qd2 40. Bf1 $138 1-0

[Event "GER CupT final"]
[Site "Erfurt"]
[Date "2004.03.21"]
[Round "2.1"]
[White "Dautov, Rustem"]
[Black "Graf, Alexander"]
[Result "0-1"]
[WhiteElo "2616"]
[BlackElo "2629"]
[Annotator "Dautov,R"]
[PlyCount "78"]
[EventDate "2004.03.20"]
[EventType "team"]
[EventRounds "2"]
[EventCountry "GER"]
[SourceTitle "CBM 100"]
[Source "ChessBase"]
[SourceDate "2004.06.01"]
[SourceVersion "1"]
[SourceVersionDate "2004.06.01"]
[SourceQuality "1"]
[WhiteTeam "Baden Oos"]
[BlackTeam "Porz"]
[WhiteTeamCountry "GER"]
[BlackTeamCountry "GER"]

1. d4 Nf6 2. c4 e6 3. Nf3 d5 4. Nc3 c6 5. e3 Nbd7 6. Qc2 b6 7. b3 Bb7 8. Bb2
Rc8 {Eine Woche später bevorzugte Alexander 8...Bd6.} (8... Bd6 9. Bd3 O-O 10.
O-O h6 (10... Qe7 11. Rfe1 Rac8 12. e4 dxc4 (12... e5 $2 13. exd5 $18) 13. Bxc4
e5 14. Ne2 b5 15. Bd3 c5 16. dxe5 Nxe5 17. Nxe5 Bxe5 18. Bxe5 Qxe5 19. Bxb5
Bxe4 20. Qc3 $14 {Dautov,R-Johannessen,L /BL 2002-03}) 11. Rad1 Qc7 12. Qe2
Rfe8 13. e4 dxe4 14. Nxe4 Bf8 15. Bc2 Rad8 16. Nxf6+ Nxf6 17. Qd3 e5 $11 {
Schlosser,P-Graf,A/BL 0304}) 9. Bd3 Bd6 10. O-O O-O 11. Rad1 Qe7 (11... h6 12.
Qe2 Qe7 13. Rfe1 Rfe8 14. e4 dxe4 15. Nxe4 Nxe4 16. Qxe4 Nf6 17. Qh4 Rcd8 18.
Re3 Nh7 19. Qh3 Qc7 20. Rde1 $14 {Makarov,M-Kalugin,S/Togliatti 2003}) 12. e4
e5 $1 {Hier verbrauchte ich viel Zeit. Ich war mir ziemlich sicher, die
Stellung aus der Partie gegen Johannessen (s. 8...Bd6) auf dem Brett zu haben
und wunderte mich, warum da nicht 12...e5 geschah. Dabei stand mein Turm in
der besagten Partie bereits auf e1, so daß 12...e5 nicht möglich war!} 13. Rfe1
$1 {Es gibt keine vernünftige Alternative zu diesem Zug,} (13. exd5 cxd5 14.
dxe5 Nxe5 15. Nxe5 Qxe5 16. g3 dxc4 17. Bxc4 Qh5 $1 $17) (13. dxe5 Nxe5 14.
Nxe5 Qxe5 15. f4 Qh5 16. Be2 Qg6 $15) 13... dxc4 14. Bxc4 b5 15. Bf1 {Auch
hier war 15.Bd3 möglich, aber die nachträgliche Fianchettierung des Läufers
erschien mir logischer.} (15. Bd3 a6 16. Ne2 $6 (16. a4 $142) 16... c5 $1 $11)
15... Rfe8 16. g3 Rcd8 17. Bg2 a6 18. dxe5 {Forciert das Geschehen im Zentrum.
Weiß konnte sich eine weitere Prophylaxe 18.h3 gönnen.} (18. h3 $5 g6 19. dxe5
Nxe5 20. Nxe5 Bxe5 21. f4 Bd4+ 22. Kh2 $14) 18... Nxe5 19. Nd4 g6 20. f4 Bc5
21. Nb1 $1 {Das war die Idee hinter meinem 18. Zug. Da 23...Neg4 wegen 24.h3
recht unattraktiv für Schwarz erscheint, wird der schwarze Springer auf d7
verdrängt. Andererseits kann die Position des weißen Springers auf b1 auch
nicht beeindrucken.} (21. Nce2 $6 Neg4 22. Nc1 Bb6 $36 {/\c5}) 21... Ned7 (
21... Neg4 $6 22. h3 Nh6 23. Kh2 (23. g4 $5) 23... Bb4 24. Bc3 Bxc3 25. Nxc3 c5
26. Nd5 $1 Bxd5 (26... Nxd5 27. Nc6 $1 Bxc6 28. exd5 Qxe1 29. Rxe1 Rxe1 30.
dxc6 $16) 27. exd5 Qd6 (27... Qxe1 28. Rxe1 Rxe1 29. Qxc5 $16) 28. Nc6 $16) 22.
e5 (22. h3 Bb4 23. Bc3 Bxc3 24. Nxc3 c5 $132) 22... Nd5 23. Kh1 $2 {Ein sehr
natürlicher Zug und dennoch ein Fehler! Für die Prophylaxe hat Weiß keine Zeit,
nur mit der Rückkehr des Springers 23.Nc3! konnte er um Vorteil kämpfen.} (23.
Nc3 $1 {/\Ne4} Nb4 (23... Bxd4+ 24. Rxd4 Nxc3 $2 (24... Nb4 25. Qf2) 25. Qxc3
c5 26. Rxd7 Qxd7 27. e6 $16) (23... Nf8 24. Ne4 $16) 24. Qf2 Bxd4 (24... Bb6
25. Ba3 $1 a5 26. Ne4 $16) 25. Rxd4 c5 26. Rd6 Bxg2 27. Kxg2 c4 28. Qa7 $16)
23... Nf8 $1 {Stark gespielt! Es wird klar, was Schwarz im Sinne hat - den
Tausch auf d4, gefolgt von Nf8-e6 und der Aktivierung des Bb7 nach c6-c5.} 24.
Qc1 {Diese Prophylaxe ist notwendig, sie ist die unmittelbare Folge des
übervorsichtigen letzten Zuges.} (24. Nc3 $2 Nb4 25. Qe4 Bxd4 26. Rxd4 Rxd4 27.
Qxd4 Nc2 28. Qe4 Nxe1 29. Qxe1 c5 $17) (24. f5 $6 Nb4 25. Qc1 Bxd4 26. Bxd4 c5
$36) 24... Bxd4 25. Bxd4 Ne6 26. Bc3 $6 {Ich kämpfte immer noch um Vorteil,
aber es war bereits an der Zeit, den Ausgleich zu sichern. Die Situation in
unserem Finalmatch erlaubte mir jedoch keinen Remisschluß, denn Porz führte zu
diesem Zeitpunkt.} (26. Nc3 $1 Nxc3 (26... c5 27. Bf2 Nxc3 28. Qxc3 $11) 27.
Bxc3 c5 28. Qc2 $11) 26... c5 27. Ba5 $138 {In der Hoffnung die d-Linie zu
übernehmen. In Wirklichkeit lebt der Läufer sehr gefährlich auf a5.} Rd7 28.
Nc3 $6 (28. Nd2 $2 Ndxf4 $1 29. Bxb7 Rxd2 $1 (29... Nd3 $2 30. Ne4 $1 Nxc1 31.
Rxd7 $18) 30. Bc6 Rxd1 31. Rxd1 (31. Qxd1 Nd4 $17) 31... Ne2 32. Qe3 N6d4 $17)
(28. h3 $5 $13 {/\Kh2}) 28... Nxc3 29. Qxc3 $2 {Ubersieht in Zeitnot die
folgende Idee von Schwarz.} ({Nach} 29. Bxc3 $142 $15 {wäre die weiße Stellung
nur minimal schlechter.}) 29... b4 $1 30. Qc4 Rb8 $1 $138 31. Bxb7 {Guter Rat
war bereits teuer.} (31. Qf1 Bxg2+ 32. Qxg2 Nd4 33. Rc1 Kg7 $19) 31... Rdxb7
32. Rd6 (32. Qxa6 Ra7 $19) 32... Rb5 $19 {Schwarz gewinnt den sich verlaufenen
Läufer. In Zeitnot machte ich noch ein paar unnötige Züge.} 33. Red1 Rxa5 34.
Rd7 Qe8 35. Qe4 c4 36. Qxc4 Rxa2 37. Qd5 Qc8 38. Qd6 Rb7 39. Qe7 Rxd7 0-1

[Event "Julian Borowski 1st"]
[Site "Essen"]
[Date "1999.03.29"]
[Round "3"]
[White "Dautov, Rustem"]
[Black "Fridman, Daniel"]
[Result "1/2-1/2"]
[WhiteElo "2598"]
[BlackElo "2529"]
[Annotator "Dautov,R"]
[PlyCount "85"]
[EventDate "1999.03.??"]
[EventType "tourn"]
[EventRounds "9"]
[EventCountry "GER"]
[EventCategory "14"]
[SourceTitle "CBM 071"]
[Source "ChessBase"]
[SourceDate "1999.08.01"]
[SourceVersion "1"]
[SourceVersionDate "1999.08.01"]
[SourceQuality "1"]

1. d4 {Lutz} d5 2. c4 c6 3. Nf3 Nf6 4. Nc3 e6 5. e3 Nbd7 6. Qc2 Bd6 7. b3 O-O
8. Be2 e5 {Lutz: 'Dieses System ist sehr verläßlich für Schwarz. Er bekommt
zwar einen Isolani, mit etwas Umsicht stellt dies jedoch keinen großen
Nachteil dar.'} 9. cxd5 cxd5 10. Nb5 Bb4+ 11. Bd2 Bxd2+ 12. Nxd2 (12. Qxd2 {
Lutz} Ne4 13. Qb2 a6 $11 {0-1 Olafsson,H-Stefansson,H/Munkebo 1998/CBM 67/
[Lutz] (56)}) 12... a6 13. dxe5 Nxe5 14. Nd4 Bg4 $1 {Dies ist eine bekannte
theoretische Variante, in der die meisten Partien unentschieden enden.  Lutz:
'Tauscht den potentiell schlechten Läufer ab. Wenn nur noch Springer auf dem
Brett sind, ist die Schwäche des Isolanis nicht so gravierend.'} 15. Bxg4 Nexg4
(15... Nfxg4 16. O-O Rc8 17. Qd1 Nf6 18. N2f3 Qd6 19. Nxe5 Qxe5 20. Rc1 Ne4 21.
Rc2 Nd6 22. h3 g6 23. Qa1 Nf5 $11 {Uhlmann,W-Mueller,K/BL9596}) 16. O-O Rc8 17.
Qb2 (17. Qf5 Qc7 $1 18. N2f3 Rfe8 $11 {<->c}) 17... Ne4 {Lutz: 'Fridman hat
mit dieser Stellung als Schwarzer bereits einige Erfahrung.'} 18. N2f3 (18.
N4f3 Qf6 19. Qxf6 Ngxf6 20. Rfc1 g6 21. h3 Rfd8 22. Kf1 Kf8 $11 {Hellsten,
J-Fridman,D/Halle 1995}) 18... Qf6 (18... Qd6 $2 {Lutz} 19. Nf5 $18) (18... g6
$5 {(Lutz) sieht vernünftig aus, um das Feld f5 zu kontrollieren.} 19. h3 Ngf6
20. Rac1 Qd6 21. Rc2 Rxc2 22. Qxc2 Qc5 23. Qxc5 Nxc5 24. Rc1 Nce4 {Im
Vergleich zur Partie hat Schwarz bereits ...g6 gespielt. Er droht jetzt ...Nd6
nebst ...Rc8. Ohne Türme hätte Schwarz keine Probleme mehr.}) 19. Rac1 $1 $146
{Eine neue Idee. Der Bauer f2 ist ausreichend geschützt, so kann Weiß den Zug
h2-h3 hinauszögern, viel wichtiger ist der Kampf um die c-Linie.  Lutz: 'Dies
ist etwas genauer als 19.h3.'} (19. h3 Ne5 20. Nxe5 Qxe5 21. Rac1 g6 22. Rc2
Rxc2 23. Qxc2 Nd6 24. Nf3 $6 (24. Qc7 $1 Rc8 25. Qd7 {'!?' Lutz.}) 24... Qe6
25. Nd4 Rc8 $11 {Arencibia,W-Fridman,D/Linares 1997}) 19... Rxc1 (19... g6 20.
Rc2 Rxc2 21. Qxc2 $14) 20. Qxc1 Qd6 21. h3 {Nun ist es an der Zeit, den
schwarzen Springer zu vertreiben.} (21. Qc2 $2 Qb8 $1 {/\Rc8}) 21... Ngf6 $6 {
Gibt die c-Linie frühzeitig auf.} (21... Ne5 $1 22. Nxe5 Qxe5 23. Qc2 g6 24.
Rc1 Nd6 {Weiß hat zwar zwei Tempi mehr gegenüber der Partie Arencibia-Fridman,
dennoch kann ich keinen Vorteil ausmachen.} 25. Qd2 (25. Nf3 Qe6) 25... Rc8 (
25... Ne4 $2 26. Qb4 Qf6 27. Rc2 $16) 26. Rxc8+ Nxc8 27. Qc3 Ne7 28. Qc5 Nc6 $1
29. Nxc6 bxc6 $11) 22. Qc2 Qc5 $14 23. Qxc5 Nxc5 24. Rc1 {'+/=' Lutz. Lutz:
'Durch die Kontrolle der c-Linie ist der weiße Vorteil etwas deutlicher
geworden.'} Nce4 $2 (24... Nd3 25. Rc7 Ne4 26. Rxb7 Ndxf2 27. Nc6 $16) (24...
Nfe4 {Ursprünglich plante Schwarz diesen Zug, erst später entdeckte er eine
starke weiße Erwiderung.} 25. Ne1 $1 {/\f3,/\b4} Ne6 (25... b6 26. b4 $16) 26.
Nxe6 fxe6 27. Nd3 $16) ({Nur mittels} 24... b6 $1 {konnte Schwarz das
Eindringen des weißen Turmes verhindern.} 25. Ne1 (25. b4 $2 Nd3) 25... a5 26.
Kf1 $14) (24... Nfe4 $5 {Lutz}) 25. Nf5 {'!' Lutz.} (25. Rc7 {Lutz} Nd6 {
/\ ...Rc8}) 25... g6 26. Ne7+ Kg7 27. Rc7 $16 Nd6 28. Nd4 Re8 (28... Rd8 $2 29.
Nef5+ $1 Kg8 30. Nxd6 Rxd6 31. Rxb7 $18) (28... Rb8 29. Ne6+ Kh6 30. Nf4 $16)
29. Ne6+ $1 {So verwandelt sich ein großer positioneller Vorteil in einen
materiellen.} Kh6 (29... fxe6 30. Nf5+ Kg8 31. Nxd6 $18) 30. Nf4 Rd8 (30... d4
31. exd4 Nb5 32. Rxb7 Nxd4 33. g3 $18) 31. Nexd5 $2 {Zu hastig! Eine kleine
Prophylaxe hätte Weiß die Umsetzung seines Vorteils leichter gemacht:} (31. g3
$1 g5 32. Nfxd5 Nxd5 33. Nxd5 Ne4 34. Nc3 Nxc3 35. Rxc3 $16) 31... Nxd5 (31...
Nde8 {Lutz} 32. Re7 Nxd5 33. Nxd5 Rxd5 34. Rxe8 Rd1+ 35. Kh2 Rd2 36. Kg3 Rxa2
37. Re7 $16) 32. Nxd5 Ne4 33. Nb6 (33. f3 Rxd5 34. fxe4 Rd2 35. Rxf7 Rxa2 36.
e5 (36. Rxb7 Re2) (36. Kf1 b5 37. e5 Rc2 38. e6 Rc6) 36... Re2 37. Rxb7 (37.
Rf3 Rc2) 37... Rxe3 38. Rb6 Rxe5 39. Rxa6 Rb5 $14) 33... Rd1+ 34. Kh2 Nxf2 35.
Rxf7 Rh1+ 36. Kg3 Ne4+ 37. Kg4 Ra1 38. a4 $2 {Eine weitere Ungenauigkeit in
Zeitnot, die zum Remis führt. Dabei konnte Weiß seinen Vorteil noch behaupten.}
(38. Rf4 Nc5 39. Rf2 Ne4 40. Rc2 $16) (38. Re7 $1 Nc5 (38... Nf6+ 39. Kf3 Rxa2
40. Rxb7 $16) 39. b4 Nd3 40. a4 Nxb4 41. Rxb7 $16) 38... Rb1 $11 39. Nd7 {
'?!' Lutz. Lutz: 'In derartigen Endspielen ist die Koordination der Figuren
von äußerster Wichtigkeit.'} (39. Nd5 {Lutz} Rxb3 40. Kf4 $16) 39... Rxb3 40.
Nf8 Ng5 41. Re7 Rb4+ 42. Kg3 Re4 43. Rxb7 (43. Rxb7 {Lutz} Rxe3+ 44. Kh2 Re4
$11) 1/2-1/2

[Event "Oslo"]
[Site "Oslo"]
[Date "1992.??.??"]
[Round "3"]
[White "Djurhuus, Rune"]
[Black "Gronn, Atle"]
[Result "1-0"]
[WhiteElo "2420"]
[BlackElo "2310"]
[Annotator "Djurhuus,R"]
[PlyCount "67"]
[EventDate "1992.04.??"]
[EventType "tourn"]
[EventRounds "9"]
[EventCountry "NOR"]
[EventCategory "9"]
[SourceTitle "CBM 030"]
[Source "ChessBase"]
[SourceDate "1992.10.01"]
[SourceVersion "1"]
[SourceVersionDate "1992.10.01"]
[SourceQuality "1"]

1. d4 d5 2. c4 e6 3. Nc3 c6 4. e3 Nf6 5. Nf3 Nbd7 6. Qc2 Bd6 7. g4 $5 {SÅ vidt
jeg vet, ble dette trekket fKrste gang spilt i partiet Shirov- Akopian i
Oahkam Junior International i mars i År. Men ideen stammer trolig fra
Aleksander Shabalov, som vant GM-turneringen her i Oslo i pÅsken i fjor.} Nxg4
8. Rg1 Nxh2 {Her spilte juniorverdensmester Akopian 8...h5. Det jeg ikke
visste, var at Shabalov allerede i Gausdal i fjor sommer hadde fortalt Atle
GrKnn (!) om 7.g4!? Atle hadde sÅ analysert trekket sammen med Berge Bstenstad.
} 9. Nxh2 Bxh2 10. Rxg7 Nf8 $5 {Jeg hadde regnet med Е være en time foran pÅ
klokka her, men pga. de nevnte Årsaker - se komm. til svarts 8. trekk - spilte
Atle dette relativt hurtig.} 11. Rg2 (11. f4 $2 Qh4+ 12. Qf2 Qxf2+ 13. Kxf2 Ng6
14. Kg2 Kf8 15. Rxg6 hxg6 $19) 11... Bc7 (11... Bd6 $5) 12. e4 $1 {Et
nKkkeltrekk i denne varianten. Hvit fÅr sentrumskontroll og Åpner opp for
lKperen pÅ c1.} Ng6 (12... dxe4 13. Qxe4) (12... dxc4 {Kritisk. Her mÅ hvit
velge mellom 13.Lg5, 13.Le3 eller 13.Lxc4.}) 13. Bg5 f6 14. Bh6 (14. Be3 Nh4
15. Rg4 Nf3+ 16. Ke2 Nxd4+ 17. Bxd4 e5 $17) 14... Nh4 {Svart fortsetter Е
flytte den eneste brikken han har i spill...} 15. O-O-O $1 Nxg2 16. Bxg2 {
[#] For kvaliteten og bonden har hvit et kolossalt utviklingsforsprang, men er
det nok!?} dxc4 {Atle var redd for et hvitt innslag pÅ d5.} 17. Bf3 $1 {
Dermed er svarts rokade en saga blott.} Qe7 18. Bh5+ Kd8 19. e5 $1 (19. d5 cxd5
20. exd5 Bd7 $17) (19. Rg1 Bd7 20. e5 (20. Rg7 $2 Bf4+ $1 21. Kb1 Bxh6 22. Rxe7
Kxe7 $17) 20... Kc8 21. Rg7 Qd8 22. Ne4 fxe5 23. Bg5 Qf8 $17) 19... Rg8 $1 $8 (
19... Bd7 $2 20. Ne4 f5 21. Bg5 $18) 20. Ne4 f5 21. Nf6 Rg2 22. Qxc4 {[Alt
dette er forsert etter 19.e5. Hvit stÅr trolig til vinst.]} Bd7 23. Qf1 $1 Rg7
24. Bxg7 (24. Qh1 $1 Kc8 25. Bxg7 Qxg7 26. Rg1 Qh6+ 27. Kb1 Bd8 28. Nxd7 Kxd7
29. Be8+ $1 $18 {[GrKnn]}) 24... Qxg7 25. Qg1 Qh6+ (25... Qxg1 26. Rxg1 $18) (
25... Qh8 26. Qh1 Kc8 27. Rg1 Bd8 28. Rg8 $18) 26. f4 $1 Kc8 (26... Ke7 27. Qg3
$1 {[Truer 27.Da3 eller 27.Dh4.]} (27. Ng8+ $2 Rxg8 28. Qxg8 Qxh5 29. Rg1 Be8
30. Rg7+ Kd8 $1 (30... Bf7 $2 31. Rxh7 Bd8 32. Qg7 $18) 31. Qxe6 Qh4 $13)) 27.
Qg8+ Bd8 {[#]} 28. Be8 $1 Bxf6 (28... Bxe8 29. Qxe8 $18) 29. Bxd7+ (29. exf6 $1
Kc7 30. f7 $18) 29... Kxd7 30. Qxa8 Qxf4+ 31. Kb1 Bd8 32. Qxb7+ Bc7 33. Rg1 Qh6
34. Rc1 {Hvit valgte ikke den enkleste vinsten, men det var bra nok.} 1-0

[Event "Pardubice"]
[Site "Pardubice"]
[Date "1994.??.??"]
[Round "6"]
[White "Georgiev, Kiril"]
[Black "Khalifman, Alexander"]
[Result "1-0"]
[WhiteElo "2615"]
[BlackElo "2645"]
[Annotator "Donev,I"]
[PlyCount "95"]
[EventDate "1994.07.??"]
[EventType "tourn"]
[EventRounds "9"]
[EventCountry "CZE"]
[EventCategory "15"]
[SourceTitle "CBM 042"]
[Source "ChessBase"]
[SourceDate "1994.10.01"]
[SourceVersion "1"]
[SourceVersionDate "1994.10.01"]
[SourceQuality "1"]

1. c4 c6 2. d4 d5 3. Nc3 Nf6 4. Nf3 e6 5. e3 Nbd7 6. Qc2 Bd6 7. Bd2 O-O 8. Bd3
Qe7 9. O-O e5 $1 10. cxd5 cxd5 11. e4 $146 exd4 12. Nxd5 Nxd5 13. exd5 Ne5 $1
14. Nxe5 Qxe5 15. Bxh7+ Kh8 16. f4 Qxd5 17. Be4 Qh5 (17... d3 18. Bxd5 dxc2 19.
Be4 Rd8 20. Bc3 $16) 18. Qd3 Bg4 19. Rae1 Rae8 20. h3 Bc8 $10 21. Kh1 Rd8 22.
Rc1 Rfe8 23. Rfe1 Qh4 $6 (23... Kg8) 24. Qf3 $14 b6 25. Bd3 Rxe1+ 26. Rxe1 Bd7
27. Kg1 Kg8 28. Re2 a5 29. Kf1 Qf6 (29... Kf8 $5) 30. g4 Bc5 (30... g5 31. Rf2
gxf4 32. Bxf4 Bxf4 33. Qxf4 Qxf4 34. Rxf4 Be6 35. a3 $16) 31. g5 Qc6 $6 (31...
Qd6 32. f5 Bc6 33. Qg4 Qd5 34. Be4 Qd6 35. Bd3 Qd5 36. Be4 Qd6 37. Bd3 $10) 32.
Qxc6 Bxc6 33. f5 Kf8 (33... Re8 34. h4 Rxe2 35. Kxe2 Bd6 36. h5 Be5 $10) 34. h4
Re8 35. h5 Rxe2 36. Kxe2 Bd5 $6 (36... Bd6 37. f6 gxf6 38. gxf6 Be5 39. Bh6+
Kg8 40. Bg7 $18 {/\h6,h7}) 37. f6 $16 gxf6 $2 (37... Bd6 38. h6 (38. fxg7+ Kxg7
39. h6+ Kg8 40. a3 $14) 38... gxf6 $4 (38... gxh6 39. gxh6 Be5 40. Bg5 Kg8 $10)
39. h7 Kg7 40. gxf6+ Kh8 41. Bh6 $18) 38. gxf6 Kg8 39. Bh6 $18 b5 40. b3 $1 (
40. Bg7 $2 Bc4 41. h6 Bxd3+ 42. Kxd3 Kh7 $10) 40... Be6 41. Kf3 Bd5+ 42. Kf2 b4
43. Bg7 Bf8 44. h6 Bxg7 45. hxg7 Bc6 46. Kg3 a4 47. Kf4 axb3 48. axb3 1-0

[Event "San Francisco Mechanics"]
[Site "San Francisco"]
[Date "1998.07.16"]
[Round "7"]
[White "Atalik, Suat"]
[Black "Lobo, Richard"]
[Result "1-0"]
[WhiteElo "2595"]
[BlackElo "2310"]
[Annotator "Donev,I"]
[PlyCount "67"]
[EventDate "1998.07.10"]
[EventType "tourn"]
[EventRounds "9"]
[EventCountry "USA"]
[EventCategory "10"]
[SourceTitle "CBM 066"]
[Source "ChessBase"]
[SourceDate "1998.09.30"]
[SourceVersion "1"]
[SourceVersionDate "1998.09.30"]
[SourceQuality "1"]

1. d4 d5 2. c4 c6 3. Nc3 Nf6 4. e3 e6 5. b3 Bd6 6. Nf3 Nbd7 7. Bd3 O-O 8. O-O
dxc4 9. Bxc4 e5 10. Bb2 Qe7 (10... exd4 11. Qxd4 Qe7 12. Ne4 Bxh2+ 13. Kxh2
Qxe4 14. Qc3 Qg6 15. Rh1 Ne4 16. Qc2 Nec5 17. Qxg6 hxg6 18. Kg1 b5 19. Be2 Ne6
20. Rd1 Rd8 21. Nd4 Nxd4 22. Rxd4 Bb7 23. Rh3 Nf8 24. Rdh4 f6 25. Bc3 Kf7 26.
f4 a6 27. e4 c5 28. e5 f5 29. Ba5 Rd4 30. Rc3 Ne6 31. g3 Rd2 32. Rd3 Rxe2 33.
Rd7+ Kg8 34. Rxb7 Rxa2 35. Bb6 Rc8 36. Rh2 Ra1+ 37. Kg2 Rb1 38. Kh3 Rxb3 39.
Ra2 Nxf4+ 40. Kh4 Ne6 41. Rxa6 g5+ 42. Kh5 Kh7 {0-1 Andruet,G-Serrer,C/
Groningen 1988}) 11. dxe5 Nxe5 12. Be2 Rd8 13. Qc2 Nfg4 (13... Bg4 14. Nd4 (14.
Nxe5 Qxe5 15. g3 Qh5 16. f3 Bh3 17. Rf2 Bc5) 14... Bxe2 15. Qxe2 {[%cal Yd4f5]}
Qe8 $13) 14. g3 Nxf3+ 15. Bxf3 Ne5 16. Bg2 h5 $6 (16... Bg4 17. f4 Ng6 18. e4
$16) (16... Ba3 $142 $5 17. Rad1 (17. e4) (17. h3 $5 Bxb2 (17... Bf5 18. Bxa3)
18. Qxb2 b6 19. Rfd1 Bb7 $11) 17... Rxd1 (17... Bg4) 18. Rxd1 Bg4 19. Rd2 Bxb2
20. Qxb2 Nf3+ 21. Bxf3 Bxf3 {[%cal Ye7e6,Ye6h3]}) 17. Ne4 $1 $14 Bf5 $2 {
Schwarz sollte das Läuferpaar behalten.} (17... Bc7 18. Qc3 (18. Rad1 Bg4 19.
f3 Bf5) 18... f6 (18... Rd3)) 18. Qc3 $1 {es droht f2-f4.} Bxe4 19. Bxe4 f6 $16
{Der Läuferpaarvorteil und die schwache Lage des schwarzen Koenigs behaupten
den weissen Vorteil.} 20. Qc2 Bc7 21. Qe2 Qf7 22. Rfd1 f5 23. Bc2 g6 24. b4 {
[%cal Yc2b3,Yb3g8]} Kh7 25. Bb3 Qe8 26. e4 $1 $18 {Nach diesem Zug oeffnet
Weiss die Stellung weil der schwarze Koenig entscheidend abgeschwächt ist.} Qf8
27. exf5 Qxf5 28. f4 {Gegen die Drohung Qe7 gibt es keine Rettung mehr.} Qg4
29. Re1 Nf3+ (29... Qxe2 30. Rxe2 Nd3 31. Re7+ Kh6 32. Bg7+ Kh7 33. Bf6+ Kh6
34. Bg5#) 30. Kh1 Be5 (30... Nxe1 31. Qe7+) 31. Bxe5 Rd2 32. Bb2 Kh6 (32...
Rxe2 33. Rxe2 {/\Be6 oder Re7} Qd7 34. Rd1 Qc7 35. Bf6) 33. Be6 Qxe6 (33...
Rxe2 34. Rxe2) 34. Qxd2 1-0